[Event "Challenge"]
[Site "http://www.queenalice.com/game.php?id=1266760"]
[Date "2014.3.20"]
[Round "-"]
[White "victorlobo"]
[Black "coloradinho2011"]
[Result "0-1"]
[WhiteElo "1656"]
[BlackElo "1726"]

1. e4 e5 2. d3 Nc6 3. c3 d6 4. d4 Nf6 5. f3 exd4 6. cxd4 d5 7. e5 Nd7 8. Bb5
Qh4+ 9. g3 Qxd4 10. Qxd4 Nxd4 11. Bxd7+ Bxd7 12. Kd1 O-O-O 13. Nc3 Bb4 14. Nxd5
Bc5 15. Be3 Ba4+ 16. b3 Rxd5 17. Bxd4 Rxd4+ 18. Kc2 Bc6 19. h4 Rhd8 20. Rc1 Kd7
21. Nh3 Bxf3 22. Rhf1 Be4+ 0-1

[Event "Challenge"]
[Site "http://www.queenalice.com/game.php?id=1270813"]
[Date "2014.4.6"]
[Round "-"]
[White "Doctor"]
[Black "coloradinho2011"]
[Result "0-1"]
[WhiteElo "1700"]
[BlackElo "1695"]

1. e4 e5 2. Nf3 d6 3. Bc4 Nc6 4. Nc3 Nf6 5. d3 Bg4 6. h3 Bxf3 7. Qxf3 Nd4 8. Qd1
a6 9. a3 b5 10. Ba2 h6 11. Nd5 Nxd5 12. Bxd5 c6 0-1

[Event "Challenge"]
[Site "http://www.queenalice.com/game.php?id=1270815"]
[Date "2014.4.6"]
[Round "-"]
[White "coloradinho2011"]
[Black "Doctor"]
[Result "1-0"]
[WhiteElo "1711"]
[BlackElo "1684"]

1. d4 e6 2. e4 d5 3. e5 a6 4. Nf3 h6 5. g3 Ne7 6. Bd3 Nbc6 7. a3 Nf5 8. Bxf5
exf5 9. Nc3 Be6 10. Be3 Be7 11. O-O Qd7 12. Qd2 1-0

[Event "Challenge"]
[Site "http://www.queenalice.com/game.php?id=1276529"]
[Date "2014.4.26"]
[Round "-"]
[White "Candida80"]
[Black "coloradinho2011"]
[Result "0-1"]
[WhiteElo "1481"]
[BlackElo "1739"]

1. Nc3 d5 2. Nf3 Nf6 3. Nd4 e6 4. Na4 Bd7 5. b3 Bxa4 6. bxa4 c5 7. Nb3 g6 8. Ba3
Qc7 9. Nc1 c4 10. Bb2 Bg7 11. g4 O-O 12. g5 Ne4 13. c3 Nxg5 14. e3 Nc6 15. h4
Ne4 16. d3 Nxc3 17. Qc2 Qa5 18. d4 Nxa2+ 19. Kd1 Nxc1 20. Qxc1 b5 21. axb5 Qxb5
22. Qc3 Rfb8 23. Rb1 Qa4+ 24. Kc1 Rb3 25. Qd2 Nb4 26. Kd1 Rd3+ 27. Ke2 Rxd2+ 28.
Kxd2 Qc2+ 29. Ke1 Qxb1+ 30. Ke2 Qxb2+ 31. Kf3 a5 32. Kf4 Qxf2+ 0-1

[Event "Challenge"]
[Site "http://www.queenalice.com/game.php?id=1280379"]
[Date "2014.5.9"]
[Round "-"]
[White "zmanomega"]
[Black "coloradinho2011"]
[Result "0-1"]
[WhiteElo "1581"]
[BlackElo "1745"]

1. e4 e5 2. Nf3 d6 3. d3 Bg4 4. Be2 Nc6 5. c3 h6 6. b4 a6 7. d4 Bxf3 8. Bxf3 Nf6
9. d5 Ne7 10. Be3 c6 11. c4 c5 12. bxc5 dxc5 13. Bxc5 Qa5+ 14. Nd2 Qxc5 15. O-O
O-O-O 16. a4 g5 17. Ra2 Ng6 18. Bh5 Nxh5 19. Qxh5 Rd7 20. Qg4 Be7 21. Qf5 Bd6
22. Rc1 Nf4 23. Nf3 Ne2+ 24. Rxe2 Qa3 25. Rcc2 Qxa4 26. g4 Qa5 27. Nxe5 Qa1+ 28.
Kg2 Qxe5 29. Qxe5 Bxe5 30. h3 Kb8 31. c5 Rc8 32. Re3 Bd4 33. Rb3 Bxc5 34. Ra2
Ka7 35. f3 Rd6 36. Rc3 b6 37. Kg3 a5 38. h4 Kb7 39. hxg5 hxg5 40. Rb3 Bb4 41.
Rh2 Be1+ 42. Kg2 Rc2+ 43. Kh1 Rxh2+ 44. Kxh2 Bb4 45. Kg3 Kc7 46. Rb1 b5 47. Rh1
f6 48. Rh7+ Kb6 49. Rf7 a4 50. Rh7 a3 51. Rh2 Ba5 52. f4 gxf4+ 53. Kxf4 Bc3 54.
Ra2 b4 55. Ke3 Kc5 56. Kd3 Rd8 57. Kc2 Kd4 58. Kb3 Kxe4 0-1

[Event "Challenge"]
[Site "http://www.queenalice.com/game.php?id=1288734"]
[Date "2014.6.16"]
[Round "-"]
[White "coloradinho2011"]
[Black "yeye2"]
[Result "0-1"]
[WhiteElo "1716"]
[BlackElo "1853"]

1. d4 d5 2. c4 Bf5 3. e3 Bxb1 4. Rxb1 e6 5. Nf3 c6 6. cxd5 cxd5 7. Bd2 Nc6 8.
Bb5 Bd6 9. O-O Ne7 10. Bxc6+ Nxc6 11. a3 O-O 12. g3 Qf6 13. Bc3 Rfe8 14. Re1
Rad8 15. Qe2 Re7 16. e4 dxe4 17. Qxe4 Qf5 18. Qxf5 exf5 19. Rxe7 Bxe7 20. Rd1
Bf6 21. d5 Bxc3 22. bxc3 Na5 23. Kg2 Rd6 24. Ne5 f6 25. Nf3 Nc4 26. a4 Nb6 27.
a5 Rxd5 28. Nd4 Nc4 29. Kf1 Nxa5 30. Ke1 Kf7 31. f3 Kg6 32. Ne6 Re5+ 33. Kf2
Rxe6 34. Ra1 Nc6 35. Rb1 b6 36. Rg1 a5 37. g4 fxg4 38. Rxg4+ Kf7 39. Rc4 g5 40.
Kg3 h5 41. h4 Kg6 42. Ra4 b5 43. Ra3 Re3 44. hxg5 Kxg5 45. Kf2 Kf4 46. c4 Rxa3
47. cxb5 Nd4 0-1

[Event "Challenge"]
[Site "http://www.queenalice.com/game.php?id=1297272"]
[Date "2014.7.25"]
[Round "-"]
[White "tucuman"]
[Black "coloradinho2011"]
[Result "0-1"]
[WhiteElo "1658"]
[BlackElo "1705"]

1. e4 e5 2. Nf3 d6 3. h3 Nf6 4. Nc3 b6 5. d3 Be7 6. a3 O-O 7. Be2 h6 8. Be3 Be6
9. Qd2 a6 10. Nh2 Nfd7 11. O-O-O Bg5 12. Bxg5 hxg5 13. Kb1 f5 14. exf5 Bxf5 15.
g4 Be6 16. f3 Nc6 17. Nf1 Nd4 18. h4 gxh4 19. Ne4 Nxe2 20. Qxe2 d5 21. Nf2 Qe7
22. Nh3 Qf6 23. Nh2 d4 24. Nf2 Rae8 25. Ne4 Qf4 26. Ng5 Rf6 27. Nxe6 Rexe6 28.
Rdg1 Qg5 29. Ka1 c5 30. Kb1 b5 31. Rf1 Rf4 32. Ka1 g6 33. Ka2 a5 34. Kb1 Nf6 35.
Ka1 Nd5 36. Kb1 Ne3 37. Rf2 c4 38. dxc4 Nxc4 39. Qd3 e4 40. Qxd4 e3 41. Qd7 Qe5
42. c3 exf2 43. Rd1 Rd6 44. Rxd6 Nxd6 45. Qd8+ Rf8 46. Qxh4 Qe1+ 47. Ka2 f1=Q
0-1

[Event "Challenge"]
[Site "http://www.queenalice.com/game.php?id=1297273"]
[Date "2014.7.25"]
[Round "-"]
[White "coloradinho2011"]
[Black "tucuman"]
[Result "1-0"]
[WhiteElo "1719"]
[BlackElo "1680"]

1. d4 d5 2. c4 e6 3. e3 Nf6 4. Nc3 dxc4 5. Bxc4 a6 6. Nf3 Bd7 7. Ne5 Nc6 8. Nxc6
Bxc6 9. O-O Bd6 10. f3 Qd7 11. Rf2 O-O 12. a3 Bd5 13. Nxd5 Nxd5 14. e4 Nb6 15.
Qe2 Nxc4 16. Qxc4 b5 17. Qc3 a5 18. e5 Be7 19. b3 b4 20. axb4 axb4 21. Qb2 Rxa1
22. Qxa1 c6 23. Ra2 c5 24. Be3 h6 25. dxc5 Qc6 26. Qd4 Bg5 27. Bxg5 Qc7 28. Be3
Rd8 29. Qe4 Qe7 30. Qxb4 Qc7 31. Qb6 Rd1+ 32. Kf2 Qxe5 33. c6 Qxh2 34. Ke2 Qh1
35. Kf2 Rf1+ 36. Kg3 g5 37. Qd8+ Kg7 38. Qd4+ f6 39. Qd7+ Kg6 40. Qe8+ Kf5 41.
Ra5+ e5 42. Qd7+ Kg6 43. Qh3 Qxh3+ 44. gxh3 Rb1 45. Rb5 Rb2 46. c7 Rc2 47. Rc5
1-0

[Event "Challenge"]
[Site "http://www.queenalice.com/game.php?id=1301994"]
[Date "2014.8.17"]
[Round "-"]
[White "arpia"]
[Black "coloradinho2011"]
[Result "0-1"]
[WhiteElo "1782"]
[BlackElo "1697"]

1. e4 e5 2. f4 exf4 3. Nf3 Nf6 4. d4 Nxe4 5. Bd3 Qe7 6. O-O g5 7. Qe2 d5 8. Re1
Bf5 9. Nxg5 Qxg5 10. Nc3 Bb4 11. Bd2 Bxc3 12. bxc3 O-O 13. c4 Bg4 0-1

[Event "Challenge"]
[Site "http://www.queenalice.com/game.php?id=1301995"]
[Date "2014.8.17"]
[Round "-"]
[White "coloradinho2011"]
[Black "arpia"]
[Result "1-0"]
[WhiteElo "1725"]
[BlackElo "1763"]

1. d4 g6 2. c4 Bg7 3. Nf3 Nf6 4. Nc3 O-O 5. e4 d6 6. Bd3 Bg4 7. h3 Bd7 8. O-O
Qc8 9. e5 dxe5 10. Nxe5 Bxh3 11. gxh3 Qxh3 12. Qf3 Qxf3 13. Nxf3 Nc6 14. a3 Rad8
15. Be3 Ng4 16. Rfe1 Nxe3 17. fxe3 e6 18. Be4 Na5 19. c5 c6 20. b4 Nc4 21. Bd3
Nb2 22. Bc2 b6 23. Ra2 Nc4 24. Bd3 b5 25. Bxc4 bxc4 26. Ne2 Rfe8 27. Rc2 Rd5 28.
Rxc4 f6 29. a4 e5 30. Nc3 Rd7 31. dxe5 fxe5 32. Ne4 Rf8 33. Nfg5 h6 34. Ne6 Rf5
35. Nxg7 Kxg7 36. Nd6 Rg5+ 37. Kf2 h5 38. Rd1 h4 39. Ne8+ Kh6 40. Rxd7 h3 41.
Rh4+ 1-0

[Event "Challenge"]
[Site "http://www.queenalice.com/game.php?id=1303182"]
[Date "2014.8.21"]
[Round "-"]
[White "coloradinho2011"]
[Black "Candida80"]
[Result "1-0"]
[WhiteElo "1737"]
[BlackElo "1420"]

1. d4 d5 2. c4 dxc4 3. Nc3 Nc6 4. e3 Na5 5. Qa4+ Nc6 6. Bxc4 a6 7. d5 Bd7 8. Qd1
Na5 9. Bd3 h5 10. Nf3 e6 11. dxe6 Bxe6 12. O-O Bg4 13. Be2 Bxf3 14. Qxd8+ Rxd8
15. Bxf3 Nf6 16. b3 Rd3 17. Bb2 h4 18. Ne4 Nxe4 19. Bxe4 h3 20. Bxd3 Nc6 21. g3
Nb4 22. Be4 Kd8 23. a3 Nc6 24. Bxc6 bxc6 25. Rfd1+ Bd6 26. Bxg7 Rg8 27. Be5 Ke7
28. Bxd6+ cxd6 29. Rd4 Ke6 30. Rh4 Rb8 31. b4 c5 32. bxc5 d5 33. Rxh3 Rc8 34.
Rh6+ f6 35. Rc1 Rc6 36. g4 Kf7 37. g5 a5 38. Rxf6+ Rxf6 39. gxf6 Kxf6 40. c6 Ke5
41. c7 1-0

[Event "Challenge"]
[Site "http://www.queenalice.com/game.php?id=1303183"]
[Date "2014.8.21"]
[Round "-"]
[White "coloradinho2011"]
[Black "Candida80"]
[Result "1-0"]
[WhiteElo "1733"]
[BlackElo "1430"]

1. d4 e6 2. c4 c5 3. e3 Nf6 4. Nc3 b6 5. Qf3 Bb7 6. Qxb7 Nc6 7. Nb5 Rb8 8. Qa6
Nb4 9. Qa4 a6 10. Nc3 a5 11. a3 b5 12. Nxb5 cxd4 13. Nxd4 e5 14. Ndf3 e4 15. Ne5
g6 16. Bd2 h5 17. O-O-O Na6 18. Bxa5 Qc8 19. Nh3 Nc5 20. Qc2 Bd6 21. Rxd6 Ng8
22. Bb4 Na6 23. Qxe4 Rb7 24. Rxa6 Nf6 25. Rxf6 Rf8 26. Nxg6+ Kd8 27. Ba5+ Rc7
28. Qe7# 1-0

[Event "Challenge"]
[Site "http://www.queenalice.com/game.php?id=1307941"]
[Date "2014.9.13"]
[Round "-"]
[White "tucuman"]
[Black "coloradinho2011"]
[Result "1-0"]
[WhiteElo "1754"]
[BlackElo "1740"]

1. e4 e5 2. Bc4 Nf6 3. d3 Qe7 4. Nf3 h6 5. h3 b6 6. a3 Bb7 7. Nc3 a6 8. Be3 Nc6
9. d4 b5 10. Ba2 O-O-O 11. d5 Na5 12. b4 Nc4 13. Bxc4 bxc4 14. Qe2 d6 15. Qxc4
Qd7 16. a4 c6 17. b5 axb5 18. axb5 Kc7 19. bxc6 Nxd5 20. cxd7+ Kxd7 21. Nxd5
Bxd5 22. Qxd5 1-0

[Event "Challenge"]
[Site "http://www.queenalice.com/game.php?id=1307942"]
[Date "2014.9.13"]
[Round "-"]
[White "coloradinho2011"]
[Black "tucuman"]
[Result "1-0"]
[WhiteElo "1743"]
[BlackElo "1805"]

1. d4 d5 2. c4 e6 3. e3 Nc6 4. Nf3 Nf6 5. Nc3 Bb4 6. Bd2 Bxc3 7. Bxc3 h6 8. Bd3
Bd7 9. h3 Qe7 10. c5 b6 11. cxb6 axb6 12. O-O O-O 13. a3 Na5 14. b4 Nc4 15. a4
c6 16. Qb3 Nd6 17. b5 cxb5 18. axb5 Rxa1 19. Bxa1 Nfe4 20. Bxe4 Nxe4 21. Rd1 Qe8
22. Rb1 f5 23. Bc3 Nxc3 24. Qxc3 Qe7 25. Qc7 Qd8 26. Qxd8 Rxd8 27. Ne5 Be8 28.
Nc6 Bxc6 29. bxc6 Rc8 30. Rxb6 Rc7 31. f4 Kh7 32. Kf2 Kg6 33. Kf3 h5 34. g3 Kf6
35. g4 fxg4+ 36. hxg4 hxg4+ 37. Kxg4 g6 38. Kf3 Kf5 39. Rb7 Rxc6 40. Rf7# 1-0

[Event "Challenge"]
[Site "http://www.queenalice.com/game.php?id=1307943"]
[Date "2014.9.13"]
[Round "-"]
[White "coloradinho2011"]
[Black "tucuman"]
[Result "1-0"]
[WhiteElo "1761"]
[BlackElo "1796"]

1. d4 d5 2. c4 e6 3. Nc3 h6 4. e3 Nc6 5. Nf3 a6 6. Bd3 Bb4 7. Bd2 Bxc3 8. Bxc3
Nf6 9. O-O Bd7 10. h3 Qe7 11. a3 Na7 12. Bb4 Qd8 13. Ne5 Nc6 14. Nxd7 Qxd7 15.
Qd2 a5 16. Bc3 O-O 17. cxd5 exd5 18. b4 axb4 19. axb4 Ne4 20. Bxe4 dxe4 21. Rxa8
Rxa8 22. d5 Na7 23. Qd4 f6 24. Qxe4 Nb5 25. Bb2 Re8 26. Qc4 Nd6 27. Qg4 Qxg4 28.
hxg4 Ne4 29. Rd1 Nd6 30. Bd4 Ne4 31. f3 Nd6 32. Rc1 Rc8 33. e4 Kf7 34. Kf2 Ke7
35. g3 b6 36. Ke3 Kd7 37. f4 Kd8 38. Kd3 Nb5 39. f5 Nxd4 40. Kxd4 Kd7 41. Re1
Kd6 42. e5+ Ke7 43. e6 Ra8 44. Rc1 Kd6 45. Ke4 Re8 46. Rd1 Re7 47. Kd4 Re8 48.
Rc1 Re7 49. Rc6# 1-0

[Event "Challenge"]
[Site "http://www.queenalice.com/game.php?id=1311681"]
[Date "2014.9.30"]
[Round "-"]
[White "coloradinho2011"]
[Black "tucuman"]
[Result "1-0"]
[WhiteElo "1778"]
[BlackElo "1718"]

1. d4 d5 2. Nc3 e6 3. e3 Bb4 4. Qg4 g6 5. Bd2 Bxc3 6. Bxc3 Qf6 7. e4 Nc6 8. e5
Qf5 9. Qxf5 gxf5 10. O-O-O Bd7 11. Nf3 h6 12. Bb5 a6 13. Bxc6 Bxc6 14. h3 Ne7
15. b3 O-O-O 16. Nh4 Ng6 17. Nxg6 fxg6 18. f4 Bb5 19. a4 Bc6 20. g4 Kb8 21. Bb4
fxg4 22. hxg4 b6 23. Be7 Rde8 24. Bf6 Rhg8 25. Rxh6 b5 26. a5 b4 27. Rdh1 Bb5
28. Rh7 Be2 29. g5 Bg4 30. R1h6 c6 31. Be7 Bh5 32. Bxb4 Ka8 33. Kb2 Kb8 34. Bd6+
Ka8 35. Ka3 Rc8 36. Kb4 Rce8 37. Kc5 Rc8 38. Kb4 Rcd8 39. Kc5 Rc8 40. Rf7 Be2
41. Rhh7 1-0

[Event "Challenge"]
[Site "http://www.queenalice.com/game.php?id=1316878"]
[Date "2014.10.21"]
[Round "-"]
[White "tucuman"]
[Black "coloradinho2011"]
[Result "0-1"]
[WhiteElo "1667"]
[BlackElo "1764"]

1. e4 e5 2. Bc4 Nf6 3. d3 Bc5 4. h3 d6 5. Nf3 O-O 6. a3 h6 7. Nc3 Nc6 8. Qe2 a6
9. Be3 Bxe3 10. fxe3 b5 11. Bd5 Bb7 12. b4 Nxd5 13. Nxd5 Ne7 14. Nxe7+ Qxe7 15.
O-O g5 16. Qf2 f6 17. Nh2 Rf7 18. Ng4 Kg7 19. Rab1 h5 20. Nh2 Raf8 21. Qe2 Rh8
22. Rf5 Bc8 23. Rf2 f5 24. exf5 Rxf5 25. Rxf5 Bxf5 26. e4 Be6 27. Rf1 d5 28.
exd5 Bxd5 29. Nf3 Rf8 30. Qxe5+ Qxe5 31. Nxe5 Rxf1+ 32. Kxf1 Kf6 33. Nd7+ Kf5
34. Nc5 Ke5 35. c3 Kf4 36. Nxa6 c6 37. c4 bxc4 38. dxc4 Bxc4+ 0-1

[Event "Challenge"]
[Site "http://www.queenalice.com/game.php?id=1324262"]
[Date "2014.11.25"]
[Round "-"]
[White "coloradinho2011"]
[Black "tucuman"]
[Result "1/2-1/2"]
[WhiteElo "1798"]
[BlackElo "1617"]

1. e4 e5 2. Nf3 d6 3. Bc4 h6 4. O-O a6 5. d4 Qe7 6. Be3 Be6 7. d5 Bg4 8. h3 Bxf3
9. Qxf3 Qf6 10. Qxf6 Nxf6 11. f3 Be7 12. Nc3 O-O 13. a4 c6 14. a5 Nbd7 15. Na4
c5 16. c3 Nh7 17. b4 cxb4 18. cxb4 f5 19. Nb6 Nxb6 20. Bxb6 Rac8 21. Rac1 f4 22.
b5 axb5 23. Bxb5 Nf6 24. Rc7 Rxc7 25. Bxc7 Nh5 26. Rb1 Rc8 27. Bb6 Bd8 28. Bxd8
Rxd8 29. Bf1 Ra8 30. Ra1 Nf6 31. Bb5 Nh7 32. Kf1 Nf8 33. a6 bxa6 34. Rxa6 Rxa6
35. Bxa6 Nd7 36. Ke2 Nc5 37. Bc8 g5 38. Kf2 h5 39. g3 fxg3+ 40. Kxg3 Nd3 41. h4
gxh4+ 42. Kxh4 Nf4 43. Kg5 Kf7 44. Bf5 Kg7 45. Bd7 Kf7 46. Be6+ Nxe6+ 47. dxe6+
Kxe6 48. Kxh5 d5 49. exd5+ Kxd5 50. Kg4 Kd4 51. Kg3 e4 52. fxe4 Kxe4 53. Kf2 Kd3
1/2-1/2